Die Gewalt und die Künste
| Titel: | Die Gewalt und die Künste : 11. Mitteleuropäische Nachwuchsgermanistentagung mit dem Schwerpunkt "Krieg und Literatur" / Gustav Binder |
|---|---|
| Verfasser: | |
| In: |
Silesia nova, Band 13, Heft 4 (2016), Seite 53-60 alle Artikel anzeigen |
| Veröffentlicht: | 2016 |
| Format: | Aufsatz |
| Sprache: | Deutsch |
X
alg: 43471113 001A $03025:09-08-18 001B $01999:09-08-18 $t23:04:39.000 001C $03025:09-08-18 $t10:39:14.000 001D $03025:09-08-18 001U $0utf8 001X $00 002@ $0Aou 002C $aText $btxt $2rdacontent 002D $aohne Hilfsmittel zu benutzen $bn $2rdamedia 002E $aBand $bnc $2rdacarrier 003@ $0434711136 007A $0434711136 $aHEB 010@ $ager 010E $erda 011@ $a2016 021A $aDie @Gewalt und die Künste $d11. Mitteleuropäische Nachwuchsgermanistentagung mit dem Schwerpunkt "Krieg und Literatur" $hGustav Binder 028A $BVerfasser $#Binder, Werner Gustav $#Binder, Gustav $4aut $71147134642 $8Binder, Gustav Werner$Z1960- [Tp3] $9423226533 031A $d13 $e4 $h53-60 $j2016 037A $aTagung in Bad Kissingen, 23.-27.10.2016 039B $aEnthalten in $8--Abvc--. Silesia nova. - Dresden : Neisse-Verl., 2004-2020. - ISSN 1614-7111 $x201600000130004947 $9124443443 044K $REuropa $#Mitteleuropa $#Mitteleuropa $#Zentraleuropa $#Central Europe Mitteleuropa $74039677-0 $8Mitteleuropa [Tg1] $9085108464 044K $RPhilologe $RGermanistin $#Germanists $#Germanistes $74156858-8 $8Germanist [Ts1] $9085672122 044K $RKongress $#Tagungsbericht $#Kongressschrift $74196709-4 $8Kongressbericht [Ts1] $9085988111 044K $RBuch $RSchriftsteller $#Literature $#Littérature $#Letteratura $#Literatura $#literature $#Literature $#Literatur $#Literatur $#Belletristik $#Dichtung Literatur $#Schöne Literatur $#Sprachkunst $#Wortkunst $74035964-5 $8Literatur [Tsz] $9085097128 044K $RMacht $#Violence $#Violence $#Violencia $#Gewalt $#Gewalt $74020832-1 $8Gewalt [Ts1] $9085050555 045F $a809 $eDDC23BSB 045F/01 $a809 045F/03 $g437 045R $aGeschichte 2016 045T $a8,1 $a7,41 $a8 $a10 lok: 43471113 78 exp: 43471113 78 1 #EPN 201B/01 $009-08-18 $t10:38:44.000 201C/01 $009-08-18 201U/01 $0utf8 203@/01 $0102576434X 208@/01 $a09-08-18 $be 209A/01 $a/ $f000 $x00 209A/01 $ab*p $x01 220C/01 $apgar 244Z/01 $#Ostmitteleuropa $#Ostmitteleuropa $#Mitteleuropa, Ost $#Central Europe Ostmitteleuropa $#Mittelosteuropa $74075753-5 $8--Tg1--Ostmitteleuropa $x01 $9085214485 247C/01 $82080>Marburg/Lahn, Herder-Institut, Forschungsbibliothek, Bibliographieportal $9336309341
| LEADER | 00000caa a2200000 c 4500 | ||
|---|---|---|---|
| 001 | 434711136 | ||
| 003 | DE-603 | ||
| 005 | 20180809230439.0 | ||
| 007 | tu | ||
| 008 | 180809s2016 xx |||| | u00||u|ger c | ||
| 035 | |a (DE-599)HEB434711136 | ||
| 040 | |a DE-603 |b ger |c DE-603 |d DE-603 |e rda | ||
| 041 | |a ger | ||
| 082 | 0 | 4 | |8 1\u |a 809 |q DE-101 |2 23/BSB |
| 084 | |a 8,1 |a 7,41 |a 8 |a 10 |2 ssgn | ||
| 085 | |8 1\u |b 809 | ||
| 085 | |8 1\u |z 2 |s 437 | ||
| 100 | 1 | |a Binder, Gustav Werner |d 1960- |e Verfasser |4 aut |0 (DE-603)423226533 |0 (DE-588)1147134642 |2 gnd | |
| 245 | 0 | 0 | |a Die Gewalt und die Künste |b 11. Mitteleuropäische Nachwuchsgermanistentagung mit dem Schwerpunkt "Krieg und Literatur" |c Gustav Binder |
| 264 | 0 | |c 2016 | |
| 336 | |a Text |b txt |2 rdacontent | ||
| 337 | |a ohne Hilfsmittel zu benutzen |b n |2 rdamedia | ||
| 338 | |a Band |b nc |2 rdacarrier | ||
| 500 | |a Tagung in Bad Kissingen, 23.-27.10.2016 | ||
| 648 | 7 | |a Geschichte 2016 |2 gnd | |
| 650 | 7 | |a Germanist |0 (DE-588)4156858-8 |0 (DE-603)085672122 |2 gnd | |
| 650 | 7 | |a Kongressbericht |0 (DE-588)4196709-4 |0 (DE-603)085988111 |2 gnd | |
| 650 | 7 | |a Literatur |0 (DE-588)4035964-5 |0 (DE-603)085097128 |2 gnd | |
| 650 | 7 | |a Gewalt |0 (DE-588)4020832-1 |0 (DE-603)085050555 |2 gnd | |
| 651 | 7 | |a Mitteleuropa |0 (DE-588)4039677-0 |0 (DE-603)085108464 |2 gnd | |
| 773 | 0 | 8 | |i Enthalten in |t Silesia nova |d Dresden : Neisse-Verl., 2004-2020 |x 1614-7111 |g Band 13, Heft 4 (2016), Seite 53-60 |w (DE-603)124443443 |w (DE-600)2164876-1 |
| 924 | 0 | |9 2080 |a (DE-603)102576434X |b DE-2080 |c HES |d d |g / | |


